[Event "Ivoti Gaucho U20 and Amateur U1800 op"]
[Site "Ivoti"]
[Date "2016.12.03"]
[Round "2.4"]
[White "Pereira, Armando Scharlau"]
[Black "Uema, Gustavo Palacios Fr"]
[Result "1/2-1/2"]
[WhiteElo "1721"]
[BlackElo "1652"]
[PlyCount "86"]
[EventDate "2016.12.03"]
[EventType "swiss"]
[EventRounds "5"]
[EventCountry "BRA"]
[SourceTitle "EXT 2022"]
[Source "ChessBase"]
[SourceDate "2021.10.06"]
[SourceVersion "1"]
[SourceVersionDate "2021.10.06"]
[SourceQuality "1"]

1. Nf3 f5 2. g3 d5 3. Bg2 e6 4. d3 c6 5. Nbd2 Nf6 6. b3 Bd6 7. Bb2 0-0 8. Ne5 Nbd7 9. Ndf3 Qa5+ 10. Kf1 Ng4 11. Nxd7 Bxd7 12. e3 e5 13. h3 e4 14. hxg4 exf3 15. Bxf3 Bxg3 16. g5 Bd6 17. Ke2 Qc5 18. Bd4 Qb4 19. Rxh7 Kxh7 20. Qh1+ Kg8 21. g6 Rf7 22. Qh7+ Kf8 23. Qh8+ Ke7 24. Qxa8 Rf8 25. Qxa7 Rg8 26. a3 Qb5 27. a4 Qb4 28. Qb6 Qxb6 29. Bxb6 Be5 30. Rg1 Kf6 31. c4 dxc4 32. bxc4 Be8 33. d4 Bd6 34. e4 fxe4 35. Bxe4 Bd7 36. c5 Be7 37. a5 Re8 38. Kd3 Rh8 39. Rh1 Rxh1 40. Bxh1 Kxg6 41. d5 cxd5 42. Kd4 Bb5 43. Bxd5 Ba6 1/2-1/2

[Event "Porto Alegre Oncosinos op"]
[Site "Porto Alegre"]
[Date "2016.11.26"]
[Round "3"]
[White "Gazola, Andre Augusto"]
[Black "Uema, Gustavo Palacios Fr"]
[Result "1/2-1/2"]
[WhiteElo "2042"]
[BlackElo "1652"]
[PlyCount "43"]
[EventDate "2016.11.25"]
[EventType "swiss"]
[EventRounds "5"]
[EventCountry "BRA"]
[SourceTitle "CBM 175 Extra"]
[Source "ChessBase"]
[SourceDate "2016.12.12"]
[SourceVersion "1"]
[SourceVersionDate "2016.12.12"]
[SourceQuality "1"]

1. e4 e6 2. d4 d5 3. Nd2 Nf6 4. e5 Nfd7 5. Bd3 c5 6. c3 Nc6 7. Ne2 Qb6 8. Nf3 cxd4 9. cxd4 Be7 10. 0-0 0-0 11. Re1 f6 12. exf6 Nxf6 13. b3 e5 14. Bb1 e4 15. Ne5 Nxe5 16. dxe5 Ng4 17. Qxd5+ Be6 18. Qd4 Bc5 19. Qxe4 Bxf2+ 20. Kh1 Bf5 21. Qc4+ Be6 22. Qe4 1/2-1/2

[Event "Porto Alegre Oncosinos op"]
[Site "Porto Alegre"]
[Date "2016.11.26"]
[Round "2"]
[White "Uema, Gustavo Palacios Fr"]
[Black "Kuciak, Alexandre"]
[Result "1-0"]
[WhiteElo "1652"]
[BlackElo "1659"]
[PlyCount "85"]
[EventDate "2016.11.25"]
[EventType "swiss"]
[EventRounds "5"]
[EventCountry "BRA"]
[SourceTitle "CBM 175 Extra"]
[Source "ChessBase"]
[SourceDate "2016.12.12"]
[SourceVersion "1"]
[SourceVersionDate "2016.12.12"]
[SourceQuality "1"]

1. e4 e5 2. d4 exd4 3. c3 d3 4. Bxd3 Nc6 5. Nf3 Bc5 6. 0-0 d6 7. Bf4 Bg4 8. h3 Bh5 9. Nbd2 Nf6 10. Nb3 Bb6 11. Bb5 a6 12. Bxc6+ bxc6 13. Re1 0-0 14. Nbd4 Qd7 15. Qa4 c5 16. Qxd7 Nxd7 17. Nf5 Bxf3 18. gxf3 Rfe8 19. Ne3 Nf6 20. Rad1 Rad8 21. Bg5 Re6 22. Nd5 Rde8 23. Bxf6 gxf6 24. c4 Kh8 25. Re3 Rg8+ 26. Kh2 Rg6 27. Nf4 Re5 28. Nxg6+ hxg6 29. f4 Rh5 30. Rd5 Rh7 31. e5 dxe5 32. fxe5 Rh4 33. exf6 c6 34. Rd7 Rf4 35. Rxf7 Kg8 36. Rb7 Kf8 37. Rxb6 Rxf2+ 38. Kg3 Rxf6 39. Rf3 Ke7 40. Rxf6 Kxf6 41. Rxc6+ Kf5 42. Rxc5+ Ke4 43. Rg5 1-0

[Event "Porto Alegre IRT U2200 1st"]
[Site "Porto Alegre"]
[Date "2016.04.09"]
[Round "2.5"]
[White "Uema, Gustavo Palacios Fr"]
[Black "Boabaid, Jorge Alberto Duard"]
[Result "0-1"]
[WhiteElo "1605"]
[BlackElo "1879"]
[PlyCount "66"]
[EventDate "2016.04.09"]
[EventType "swiss"]
[EventRounds "5"]
[EventCountry "BRA"]
[SourceTitle "EXT 2022"]
[Source "ChessBase"]
[SourceDate "2021.10.06"]
[SourceVersion "1"]
[SourceVersionDate "2021.10.06"]
[SourceQuality "1"]

1. e4 e5 2. Nf3 Nc6 3. Bb5 a6 4. Bxc6 dxc6 5. 0-0 f6 6. d4 exd4 7. Nxd4 Bd6 8. Re1 Ne7 9. Nf5 Bxf5 10. exf5 Qd7 11. Qh5+ g6 12. fxg6 0-0-0 13. g7 Rhg8 14. Qf7 Nf5 15. Qxd7+ Rxd7 16. Be3 Rdxg7 17. g3 h5 18. Nd2 h4 19. Nc4 hxg3 20. Nxd6+ cxd6 21. fxg3 Rg4 22. Kf2 Kd7 23. Rad1 d5 24. Bc5 Rc4 25. b4 Rxc2+ 26. Re2 Rxe2+ 27. Kxe2 Rh8 28. g4 Rxh2+ 29. Kf3 Nd6 30. a4 Ne4 31. Bd4 Ke6 32. Re1 Kf7 33. Rf1 Nd2+ 0-1